00792cam a22002297a 4500003000500000005001700005008004100022010001000063011001000073035001000083040000900093100003400102245016000136260004100296300001900337502006900356650002100425650002400446650003200470650003100502650002900533CHAP20220329142749.0030728d2003 mx a r 00110 spa d a87456 a88428 a98973 cCHAP00aDowns Rocha, José Gregorio.10aEstudio tecnológico de la madera de Gmelina arborea Roxb., proveniente de plantaciones jóvenes del estado de Campechec/por José Gregorio Downs Rocha aChapingo, Méx. :bEl autor,c2003. a59 h. ;bilus. aTesis (Ing. Forestal) -- UACH. División de Ciencias Forestales14aGmelina arborea.14aMaderaxAnálisis.14aMaderaxPropiedades y usos.14aPlantación de árboles.14aPropiedades mecánicas.